000 01066cam8a220024100 4500
001 qce00133874
005 20190822111544.0
008 780420s1977 ja 001 0 eng d
035 _a(Sirsi) r51072
035 _a(QCAT)lss01934729
035 _a(UPRA)qce00133874
040 _dUPRA
100 1 _aKurabayashi, Yoshimasa, 1926-
_dKurabayashi, Yoshimasa, 1926-
_6A8980.1
245 1 0 _aStudies in national economic accounting /
_cby Yoshimasa Kurabayashi. --.
260 _aTokyo :
_bKinokuniya Book-Store Co.,
_cc1977.
440 0 _aCollection of national accounts studies ;
_v1
_6S2648.1
490 1 _aEconomic research series ; no. 16
504 _aIncludes bibliographical references and indexes.
650 0 _aNational income -- Accounting -- Mathematical models.
_xNational income -- Accounting -- Mathematical models.
_xNational income -- Accounting -- Mathematical models.
_6S6021.1
830 0 _aEconomic research series (Hitotsubashi Daigaku. Keizai Kenkyujo) ;
_vno.16.
_6S2649.1
949 _aHC79
_wlcc
_i-64752
_mMAIN
_tBOOK
_lON-SHELF
004 51072
999 _c132243
_d132243